বাংলা নাটকের ইতিহাস / (Record no. 2682)
[ view plain ]
| 000 -LEADER | |
|---|---|
| fixed length control field | 00893nam a22002297a 4500 |
| 003 - CONTROL NUMBER IDENTIFIER | |
| control field | BD-DhJNU |
| 005 - DATE AND TIME OF LATEST TRANSACTION | |
| control field | 20260419041412.0 |
| 008 - FIXED-LENGTH DATA ELEMENTS--GENERAL INFORMATION | |
| fixed length control field | 260419b |||||||| |||| 00| 0 eng d |
| 020 ## - INTERNATIONAL STANDARD BOOK NUMBER | |
| International Standard Book Number | 9788129522146 |
| 040 ## - CATALOGING SOURCE | |
| Original cataloging agency | BD-DhJNU |
| Language of cataloging | ENG |
| Transcribing agency | BD-DhJNU |
| Modifying agency | BD-DhJNU |
| 082 ## - DEWEY DECIMAL CLASSIFICATION NUMBER | |
| Edition number | 23 |
| Classification number | 891.44209 GHH |
| 100 ## - MAIN ENTRY--PERSONAL NAME | |
| Personal name | ঘোষ, অজিতকুমার |
| 242 ## - TRANSLATION OF TITLE BY CATALOGING AGENCY | |
| Title | History of Bengali Drama/ |
| Statement of responsibility, etc. | Ajitkumar Ghosh |
| 245 ## - TITLE STATEMENT | |
| Title | বাংলা নাটকের ইতিহাস / |
| Statement of responsibility, etc. | অজিতকুমার ঘোষ |
| 246 ## - VARYING FORM OF TITLE | |
| Title proper/short title | Bangla natoker itihas |
| 250 ## - EDITION STATEMENT | |
| Edition statement | 6th ed. |
| 260 ## - PUBLICATION, DISTRIBUTION, ETC. | |
| Place of publication, distribution, etc. | কলকাতা : |
| Name of publisher, distributor, etc. | জেনারেল, |
| Date of publication, distribution, etc. | 2018. |
| 300 ## - PHYSICAL DESCRIPTION | |
| Extent | [৮], ৫৬৬ পৃ. : |
| Other physical details | চিত্র ; |
| Dimensions | ২২ সেমি.। |
| 650 ## - SUBJECT ADDED ENTRY--TOPICAL TERM | |
| Topical term or geographic name entry element | বাংলা নাটক |
| Form subdivision | ইতিহাস ও সমালোচনা |
| 650 ## - SUBJECT ADDED ENTRY--TOPICAL TERM | |
| Topical term or geographic name entry element | Bengali Drama |
| Form subdivision | History and Criticism |
| 942 ## - ADDED ENTRY ELEMENTS (KOHA) | |
| Source of classification or shelving scheme | Dewey Decimal Classification |
| Koha item type | Books |
| Suppress in OPAC | No |
| Withdrawn status | Lost status | Source of classification or shelving scheme | Damaged status | Not for loan | Collection | Home library | Current library | Shelving location | Date acquired | Source of acquisition | Total checkouts | Full call number | Barcode | Date last seen | Copy number | Price effective from | Koha item type |
|---|---|---|---|---|---|---|---|---|---|---|---|---|---|---|---|---|---|
| Dewey Decimal Classification | Non-fiction | Jagannath University Central Library | Jagannath University Central Library | General stacks | 04/19/2026 | Purchased | 891.44209 GHH | JNUCL36172 | 04/19/2026 | 1 | 04/19/2026 | Books |